| 000 | 00533nam a22001937a 4500 | ||
|---|---|---|---|
| 005 | 20260424121159.0 | ||
| 008 | 260424b |||||||| |||| 00| 0 eng d | ||
| 037 | _cDSWL | ||
| 040 |
_aDSWL _cDSWL |
||
| 041 | _heng | ||
| 084 | _aLOaW:5 Q7 | ||
| 100 |
_aSangwan, Ramesh Kumar _9940433 |
||
| 245 | _aHealth, Human Rights and Ethics | ||
| 260 |
_aJaipur, _bRawat Publication, _c2017 |
||
| 300 | _a206p | ||
| 365 |
_aINR _b760 |
||
| 942 |
_2CC _cTEXL _hLOaW:5 Q7 _n0 |
||
| 999 |
_c1848507 _d1848507 |
||